[Event "McGill op"]
[Site "Montreal"]
[Date "2015.05.02"]
[Round "5"]
[White "Bouchard, Jean Marc"]
[Black "Buchanan, Matthew"]
[Result "0-1"]
[WhiteElo "1928"]
[BlackElo "1846"]
[PlyCount "67"]
[EventDate "2015.05.01"]
[EventType "swiss"]
[EventRounds "5"]
[EventCountry "CAN"]
[SourceTitle "EXT 2019"]
[Source "ChessBase"]
[SourceDate "2018.10.10"]
[SourceVersion "1"]
[SourceVersionDate "2018.10.10"]
[SourceQuality "1"]

1. e4 e5 2. Nf3 Nc6 3. Bb5 a6 4. Ba4 Nf6 5. Qe2 b5 6. Bb3 Bc5 7. h3 Qe7 8. c3 d6 9. d3 h6 10. Nbd2 Be6 11. Bxe6 Qxe6 12. Nf1 Bb6 13. Ng3 Ne7 14. 0-0 c5 15. Be3 Nd7 16. a4 0-0 17. axb5 axb5 18. Nh4 d5 19. Nhf5 d4 20. Nxe7+ Qxe7 21. Bxh6 gxh6 22. Nf5 Qg5 23. Rxa8 Rxa8 24. Nxh6+ Qxh6 25. Qg4+ Qg6 26. Qxd7 dxc3 27. bxc3 b4 28. cxb4 cxb4 29. Rb1 Bxf2+ 30. Kh1 Be3 31. Qd5 Re8 32. Rxb4 Qg3 33. Qd7 Qe1+ 34. Kh2 0-1

[Event "McGill op"]
[Site "Montreal"]
[Date "2015.05.02"]
[Round "3"]
[White "MacKinnon, Keith"]
[Black "Buchanan, Matthew"]
[Result "1-0"]
[WhiteElo "2186"]
[BlackElo "1846"]
[PlyCount "57"]
[EventDate "2015.05.01"]
[EventType "swiss"]
[EventRounds "5"]
[EventCountry "CAN"]
[SourceTitle "EXT 2019"]
[Source "ChessBase"]
[SourceDate "2018.10.10"]
[SourceVersion "1"]
[SourceVersionDate "2018.10.10"]
[SourceQuality "1"]

1. e4 e5 2. Nf3 Nc6 3. d4 exd4 4. Nxd4 Nf6 5. Nxc6 bxc6 6. e5 Qe7 7. Qe2 Nd5 8. c4 Ba6 9. g3 g6 10. Bg2 Bg7 11. 0-0 0-0 12. Re1 Rfe8 13. Nd2 Bxe5 14. Nf3 f6 15. Qd2 Nb6 16. Nxe5 fxe5 17. b3 Bb7 18. Bb2 d6 19. f4 Nd7 20. Qb4 Rab8 21. Qa5 Nc5 22. Rad1 Rbd8 23. fxe5 Qg7 24. Ba1 Qh6 25. Qxc7 Rd7 26. Qa5 Re6 27. exd6 Rxe1+ 28. Qxe1 Qf8 29. Qe5 1-0